01481nam a2200337 i 4500001001000000003001000010005001700020007000300037008004100040020002200081040004700103041000800150082002200158100002700180245013200207264006600339264001100405300002800416336002700444337003300471338002800504500005800532504004500590505036900635563001401004650001301018653003001031653002101061700003201082700002901114768714001CO-MdFUSB20260413141549.0ta250925t2024 -uk |||g |||| 00| 0 eng d a978-1-917059-04-6 aCO-MdFUSBbspacCO-MdFUSBdCO-MdFUSBCerda aeng 223a266.001bF831 aFranklin, Kirk,eautor aThe Mission Matrix : bmission theologies for diverse mission landscapesc/ Kirk Franklin , Paul Bendor-Samuel , Deborah Crough 1aOxford , Reino Unido : bRegnum Books International, c[2024] 4c©2024 a157 páginas c; 22 cm 2rdacontentatextobtxt 2rdamediaasin mediaciónbn 2rdacarrieravolumenbnc aTabla de contenido traducida por agencia catalogadora aNotas bibliográficas páginas 139-147 gParte I:tPaisajes de la misión:aRevelando la iniciativa divina. -- Identificando fronteras en la misión. -- La misión de la cristiandad. -- La misión en la iglesia global.gParte II:tTeología de la misión:aComponentes fundamentales de la teología de la misión. -- Hoja de ruta bíblica y teológica. -- Cómo describimos la misión importa. arústico 0aMisiones aTeología de la misión aEvangelización aBendor-Samuel, Paul,eautor aCrough, Deborah, eautor